000 00655nam a2200193Ia 4500
005 20250508155844.0
008 008 250505s9999 xx 000 0 eng d
020 _a978-1-4411-0831-9
037 _aDissertations
040 _aFEDL
_beng
_cFEDL
041 _aeng
_2eng
084 _a301.427, PSY/DI
_qFEDL
245 0 _aPsychological study of the relationship between socio-economic status of parents and the strength of disciplinary measures they adopt for their children
260 _c1959
300 _a120p.
546 _aM.Ed. Dissertation (Aligarh University)
942 _cDIS
_h301.427, PSY/DI
999 _c1359648
_d1359648